000 00896cam a22002174a 4500
005 20250605164049.0
008 250528s ||||||||||||||||||||||||d
035 _a17217
020 _a333615263
040 _aGR-AtMCL
_bgre
_dGR-AtMCL
_eAACR2
245 1 _aUnderstanding the UK Economy / Third Edition
250 _a3rd
260 _c1994
300 _a512
520 _aA clear and incisive guide to the UK economy for economics and business students. Acknowledgements, History and Politics, The Macroeconomy: 1, The Macroeconomy: 2, The Financial System, Spending and Taxing and Borrowing, External Transactions, External Relations, Employment and Unemployment, The Labor Market, Welfare: Inequality and Poverty, Industry and Policy, Macroeconomic Policy, Index.
700 1 _aCurwen Peter
_93382
700 1 _aMacmillan
_9736
942 _cBK
999 _c2650
_d2650